Médailles aux Jeux Olympiques d'été - Statistiques

Statistiques générales
  • Ce quiz a été pris 80 fois
  • Le résultat moyen est 12 sur 15
Statistiques - réponses
Nombre de médailles Pays % Correct
716 France
100%
2520 États-Unis
99%
937 Allemagne
96%
543 Chine
96%
439 Japon
96%
847 Royaume-Uni
96%
446 Russie
94%
497 Australie
91%
573 Italie
88%
494 Suède
78%
1010 Union Soviétique
74%
491 Hongrie
58%
303 Finlande
52%
409 Allemagne de l'Est
49%
306 Roumanie
32%
Aucun quiz correspondant
Distribution des résultats
% des personnes avec chaque résultat
Percentile par nombre de réponses
Votre historique - résultats
Vous n’avez pas pris ce quiz